Informe de la Comisión Nacional de Verdad y Reconciliación

Enregistré dans:
Détails bibliographiques
Collectivité auteur: Corporación Nacional de Verdad y Reconciliación (Auteur)
Format: Livre
Langue:espagnol
Publié: Santiago Corporación Nacional de Verdad y Reconciliación 1996
Sujets:
Tags: Ajouter un tag
Pas de tags, Soyez le premier à ajouter un tag!

MARC

LEADER 00000nam a2200000 a 4500
001 UCP3622
003 CL-VaPUC
008 990625e19960000CL |||||||||||||||||spa|d
082 0 4 |a 323.4  |b COR  |2 21 
110 2 |a Corporación Nacional de Verdad y Reconciliación  |e author  |9 430983 
245 1 0 |a Informe de la Comisión Nacional de Verdad y Reconciliación 
300 |a 2 v 
942 |c BK 
945 |d 19990625 00:00:00  |a lriquelm 
260 |a Santiago  |b Corporación Nacional de Verdad y Reconciliación  |c 1996 
650 7 |a DERECHOS HUMANOS 1973 - 1990  |2 CL-VaPUC  |9 257098 
650 0 |a Estudio de casos   |9 257099 
650 0 |a Personas desaparecidas  |9 257100 
651 7 |a CHILE  |2 CL-VaPUC  |9 430984 
583 |a last modification  |c 19990625 00:00:00  |k Rodrigo Vera 
999 |c 281887  |d 281885 
952 |0 0  |1 0  |4 0  |6 323_400000000000000_COR_1996  |7 0  |8 A  |9 322957  |a BIBHIS  |b BIBHIS  |d 2019-11-20  |h v.1 t.1  |i 3387895  |l 1  |o 323.4 COR 1996  |p 3387895  |r 2025-01-20  |s 2024-10-15  |w 2019-11-20  |y BK  |k HIS 
952 |0 0  |1 0  |4 0  |6 323_400000000000000_COR_1996  |7 0  |8 A  |9 322958  |a BIBHIS  |b BIBHIS  |d 2019-11-20  |h v.1 t.2  |i 3387909  |l 1  |o 323.4 COR 1996  |p 3387909  |r 2025-01-20  |s 2024-11-15  |w 2019-11-20  |y BK  |k HIS 
952 |0 0  |1 0  |4 0  |6 323_400000000000000_COR_1996  |7 0  |8 A  |9 322959  |a BIBHIS  |b BIBHIS  |d 2019-11-20  |h v.2 t.3  |i 3387917  |l 1  |o 323.4 COR 1996  |p 3387917  |r 2025-01-20  |s 2024-11-15  |w 2019-11-20  |y BK  |k HIS 
952 |0 0  |1 0  |4 0  |6 323_400000000000000_COR_1996  |7 0  |8 A  |9 322960  |a BIBHIS  |b BIBHIS  |d 2019-11-20  |h v.1 t.1  |i 4349601  |l 1  |o 323.4 COR 1996  |p 4349601  |r 2025-01-20  |s 2024-11-15  |w 2019-11-20  |y BK  |k HIS 
952 |0 0  |1 0  |4 0  |6 323_400000000000000_COR_1996  |7 0  |8 A  |9 322961  |a BIBHIS  |b BIBHIS  |d 2019-11-20  |h v.1 t.1  |i 434961K  |o 323.4 COR 1996  |p 434961K  |r 2025-01-20  |w 2019-11-20  |y BK  |k HIS 
952 |0 0  |1 0  |4 0  |6 323_400000000000000_COR_1996  |7 0  |8 A  |9 322962  |a BIBHIS  |b BIBHIS  |d 2019-11-20  |h v.1 t.2  |i 4349628  |o 323.4 COR 1996  |p 4349628  |r 2025-01-20  |w 2019-11-20  |y BK  |k HIS 
952 |0 0  |1 0  |4 0  |6 323_400000000000000_COR_1996  |7 0  |8 A  |9 322963  |a BIBHIS  |b BIBHIS  |d 2019-11-20  |h v.1 t.2  |i 4349636  |o 323.4 COR 1996  |p 4349636  |r 2025-01-20  |w 2019-11-20  |y BK  |k HIS 
952 |0 0  |1 0  |4 0  |6 323_400000000000000_COR_1996  |7 0  |8 A  |9 322964  |a BIBHIS  |b BIBHIS  |d 2019-11-20  |h v.2 t.3  |i 4349644  |o 323.4 COR 1996  |p 4349644  |r 2025-01-20  |w 2019-11-20  |y BK  |k HIS 
952 |0 0  |1 0  |4 0  |6 323_400000000000000_COR_1996  |7 0  |8 A  |9 322965  |a BIBHIS  |b BIBHIS  |d 2019-11-20  |h v.2 t.3  |i 4349652  |l 1  |o 323.4 COR 1996  |p 4349652  |r 2025-01-20  |s 2024-11-14  |w 2019-11-20  |y BK  |k HIS 
952 |0 0  |1 0  |4 0  |6 323_400000000000000_COR_1996  |7 0  |8 A  |9 322966  |a BIBCUR  |b BIBCUR  |d 2019-11-20  |h v.1 t.1  |i 4349695  |o 323.4 COR 1996  |p 4349695  |r 2025-04-22  |w 2019-11-20  |y BK  |k PER 
952 |0 0  |1 0  |2 ddc  |4 0  |6 323_400000000000000_COR_1996  |7 0  |8 A  |9 322967  |a BIBCUR  |b BIBCUR  |c PAC  |d 2019-11-20  |h v.1 t.1  |i 4349709  |o 323.4 COR 1996  |p 4349709  |r 2025-04-22  |w 2019-11-20  |y BK  |k PER 
952 |0 0  |1 0  |4 0  |6 323_400000000000000_COR_1996  |7 0  |8 A  |9 322969  |a BIBCUR  |b BIBCUR  |d 2019-11-20  |h v.1 t.2  |i 4349725  |o 323.4 COR 1996  |p 4349725  |r 2025-04-22  |w 2019-11-20  |y BK  |k PER 
952 |0 0  |1 0  |2 ddc  |4 0  |6 323_400000000000000_COR_1996  |7 0  |8 A  |9 322971  |a BIBCUR  |b BIBCUR  |c PAC  |d 2019-11-20  |h v.2 t.3  |i 4349741  |o 323.4 COR 1996  |p 4349741  |r 2025-04-22  |w 2019-11-20  |y BK  |k PER 
952 |0 0  |1 0  |4 0  |6 323_400000000000000_COR_1996  |7 0  |8 A  |9 322972  |a BIBCUR  |b BIBCUR  |d 2019-11-20  |h v.2 t.3  |i 434975K  |o 323.4 COR 1996  |p 434975K  |r 2025-04-22  |w 2019-11-20  |y BK  |k PER 
952 |0 0  |1 0  |4 0  |6 323_400000000000000_COR_1996  |7 0  |8 A  |9 322973  |a BIBDER  |b BIBDER  |d 2019-11-20  |h v.1 t.1  |i 4349792  |o 323.4 COR 1996  |p 4349792  |r 2023-01-25  |w 2019-11-20  |y BK  |k DER 
952 |0 0  |1 0  |4 0  |6 323_400000000000000_COR_1996  |7 0  |8 A  |9 322974  |a BIBDER  |b BIBDER  |d 2019-11-20  |h v.1 t.2  |i 4349806  |o 323.4 COR 1996  |p 4349806  |r 2023-01-25  |w 2019-11-20  |y BK  |k DER 
952 |0 0  |1 0  |4 0  |6 323_400000000000000_COR_1996  |7 0  |8 A  |9 322975  |a BIBDER  |b BIBDER  |d 2019-11-20  |h v.2 t.3  |i 4349814  |o 323.4 COR 1996  |p 4349814  |r 2023-01-25  |w 2019-11-20  |y BK  |k DER 
952 |0 0  |1 0  |4 0  |6 323_400000000000000_COR_1996  |7 0  |8 A  |9 322976  |a BIBGIM  |b BIBGIM  |d 2019-11-20  |h v.1 t.1  |i 4349830  |o 323.4 COR 1996  |p 4349830  |r 2025-01-15  |w 2019-11-20  |y BK  |k GIM 
952 |0 0  |1 0  |4 0  |6 323_400000000000000_COR_1996  |7 0  |8 A  |9 322977  |a BIBGIM  |b BIBGIM  |d 2019-11-20  |h v.1 t.2  |i 4349849  |o 323.4 COR 1996  |p 4349849  |r 2025-01-15  |w 2019-11-20  |y BK  |k GIM 
952 |0 0  |1 0  |4 0  |6 323_400000000000000_COR_1996  |7 0  |8 A  |9 322978  |a BIBGIM  |b BIBGIM  |d 2019-11-20  |h v.2 t.3  |i 4349857  |o 323.4 COR 1996  |p 4349857  |r 2025-01-15  |w 2019-11-20  |y BK  |k GIM 
952 |0 0  |1 0  |4 0  |6 323_400000000000000_COR_1996  |7 0  |8 P  |9 322979  |a BIBEDU  |b BIBEDU  |c BIBEDU_PB  |d 2019-11-20  |h v.1 t.1  |i 4349873  |o 323.4 COR 1996  |p 4349873  |r 2024-01-25  |w 2019-11-20  |y BK  |k EDU 
952 |0 0  |1 0  |4 0  |6 323_400000000000000_COR_1996  |7 0  |8 P  |9 322980  |a BIBEDU  |b BIBEDU  |c BIBEDU_PB  |d 2019-11-20  |h v.1 t.2  |i 4349881  |o 323.4 COR 1996  |p 4349881  |r 2024-01-25  |w 2019-11-20  |y BK  |k EDU 
952 |0 0  |1 0  |4 0  |6 323_400000000000000_COR_1996  |7 0  |8 P  |9 322981  |a BIBEDU  |b BIBEDU  |c BIBEDU_PB  |d 2019-11-20  |h v.2 t.3  |i 434989K  |o 323.4 COR 1996  |p 434989K  |r 2024-01-25  |w 2019-11-20  |y BK  |k EDU 
952 |0 0  |1 0  |4 0  |6 323_400000000000000_COR_1996  |7 0  |8 A  |9 322982  |a BIBDER  |b BIBDER  |d 2019-11-20  |h v.1.t.2  |i 4356802  |o 323.4 COR 1996  |p 4356802  |r 2023-01-25  |w 2019-11-20  |y BK  |k DER